| 000 | 00385nam a22001577a 4500 | ||
|---|---|---|---|
| 003 | SGT | ||
| 020 | _a9789382219125 | ||
| 082 |
_a614.44 _bPAR |
||
| 100 | _aPark, K | ||
| 245 | _aParks Text Book Of Preventive & Social Medicine | ||
| 250 | _a24TH | ||
| 260 |
_aNEW DELHI _bBanarsidas Bhanot Publishers _c2017 |
||
| 300 | _a970 | ||
| 650 | _aCOMMERCE MANAGEMENT | ||
| 942 |
_2ddc _cBK _018 |
||
| 999 |
_c13882 _d13882 |
||